000 00798nam a2200265 a 4500
999 _c9082
_d9082
001 9082
003 BD-JhCC
005 20180925121208.0
008 180308s1981 nyua j 000 1 eng d
020 _a0689308086
035 _a(BD-JhCC)9082
040 _aBD-JhCC
_cDLC
_dBD-JhCC
041 _aeng
050 0 0 _aPZ7.F5347
_bMo 1981
082 0 0 _a123.149
_219
_bFIS 1981
100 1 _aFisher, Paul R.,
_d1960-
245 1 0 _aMont Cant gold /
_cPaul R. Fisher.
250 _a1st ed.
260 _aNew York :
_bAtheneum,
_c1981.
300 _a251 p. :
_bill. ;
_c22 cm.
520 _aIntrigues and difficulties endanger the life of Rhian Mont Cant, but also bring him the approval of the seven fates that control his world's destiny.
650 1 _aFantasy.
942 _2ddc
_cBK